Statistics for Draw All US State Borders - Extreme

Click here to take the quiz!

General Stats

  • This quiz has been taken 51,229 times
    (51,073 since last reset)
  • The average score is 112 of 170

Answers on the Map

Answers color-coded by a green-red scale on the quiz's map according to % correct below.
 

Answer Stats

Border% Correct
California-Nevada
88%
Oregon-Washington
87%
California-Oregon
86%
New Mexico-Texas
85%
Arizona-California
84%
Arizona-New Mexico
83%
Idaho-Washington
82%
North Dakota-South Dakota
82%
Arizona-Nevada
81%
Oklahoma-Texas
81%
Florida-Georgia
80%
Idaho-Montana
80%
Idaho-Oregon
80%
Nevada-Utah
80%
Colorado-Utah
79%
Louisiana-Texas
79%
Nevada-Oregon
79%
North Carolina-South Carolina
79%
Arizona-Utah
78%
California-Pacific Ocean
78%
Idaho-Nevada
78%
Montana-North Dakota
78%
Colorado-New Mexico
77%
Idaho-Utah
77%
Montana-Wyoming
77%
Alabama-Georgia
76%
Alabama-Mississippi
76%
Colorado-Wyoming
76%
Idaho-Wyoming
76%
Montana-South Dakota
76%
Oregon-Pacific Ocean
76%
Virginia-West Virginia
76%
Washington-Pacific Ocean
76%
Georgia-South Carolina
75%
Kansas-Oklahoma
75%
Louisiana-Mississippi
75%
Utah-Wyoming
75%
Arkansas-Texas
74%
Colorado-Kansas
74%
Kentucky-Tennessee
74%
Minnesota-North Dakota
74%
New York-Pennsylvania
74%
South Dakota-Wyoming
74%
Alabama-Florida
73%
Alabama-Tennessee
73%
Arkansas-Oklahoma
73%
Colorado-Nebraska
73%
Colorado-Oklahoma
73%
Illinois-Indiana
73%
Kansas-Nebraska
73%
Nebraska-South Dakota
73%
New Jersey-New York
73%
North Carolina-Virginia
73%
Arkansas-Louisiana
72%
Florida-Atlantic Ocean
72%
Georgia-Tennessee
72%
Indiana-Ohio
72%
Kansas-Missouri
72%
Maine-New Hampshire
72%
Minnesota-South Dakota
72%
Minnesota-Wisconsin
72%
Nebraska-Wyoming
72%
Arkansas-Mississippi
71%
Arkansas-Missouri
71%
Illinois-Iowa
71%
Mississippi-Tennessee
71%
New Hampshire-Vermont
71%
Ohio-Pennsylvania
71%
Wisconsin-Lake Michigan
71%
Arkansas-Tennessee
70%
Illinois-Lake Michigan
70%
Iowa-Nebraska
70%
Iowa-South Dakota
70%
Kentucky-Ohio
70%
Missouri-Oklahoma
70%
New Mexico-Oklahoma
70%
North Carolina-Tennessee
70%
Georgia-Atlantic Ocean
69%
Illinois-Missouri
69%
Indiana-Kentucky
69%
Indiana-Lake Michigan
69%
Iowa-Minnesota
69%
Iowa-Missouri
69%
Kentucky-West Virginia
69%
Michigan-Ohio
69%
Michigan-Wisconsin
69%
New York-Vermont
69%
North Carolina-Atlantic Ocean
69%
South Carolina-Atlantic Ocean
69%
Georgia-North Carolina
68%
Illinois-Kentucky
68%
Indiana-Michigan
68%
Maryland-Virginia
68%
Missouri-Nebraska
68%
Missouri-Tennessee
68%
Ohio-West Virginia
68%
Florida-Gulf Of Mexico
67%
Illinois-Wisconsin
67%
Kentucky-Missouri
67%
Kentucky-Virginia
67%
Maine-Atlantic Ocean
67%
Tennessee-Virginia
67%
Virginia-Atlantic Ocean
67%
Iowa-Wisconsin
66%
Louisiana-Gulf Of Mexico
66%
Pennsylvania-West Virginia
66%
Texas-Gulf Of Mexico
66%
Alabama-Gulf Of Mexico
65%
Maryland-Pennsylvania
65%
Massachusetts-New York
65%
Mississippi-Gulf Of Mexico
65%
New York-Atlantic Ocean
65%
Maryland-Atlantic Ocean
64%
Connecticut-New York
63%
Delaware-Maryland
63%
Massachusetts-New Hampshire
63%
New Jersey-Atlantic Ocean
63%
Connecticut-Massachusetts
62%
Massachusetts-Atlantic Ocean
62%
Massachusetts-Rhode Island
62%
Massachusetts-Vermont
62%
New Jersey-Pennsylvania
62%
Rhode Island-Atlantic Ocean
62%
Connecticut-Rhode Island
60%
Delaware-Atlantic Ocean
60%
Maryland-West Virginia
60%
Washington-British Columbia
60%
Connecticut-Atlantic Ocean
59%
Idaho-British Columbia
58%
Michigan-Lake Michigan
58%
New Hampshire-Atlantic Ocean
58%
New York-Lake Ontario
58%
Montana-Alberta
57%
Montana-British Columbia
57%
New York-Ontario
56%
Ohio-Lake Erie
56%
Michigan-Ontario
55%
California-Baja California
54%
Maine-Quebec
54%
Michigan-Lake Superior
54%
Minnesota-Lake Superior
54%
New York-Lake Erie
54%
Pennsylvania-Lake Erie
54%
Vermont-Quebec
54%
Delaware-Pennsylvania
53%
Michigan-Lake Erie
53%
New York-Quebec
53%
Minnesota-Ontario
52%
Montana-Saskatchewan
52%
New Hampshire-Quebec
52%
Wisconsin-Lake Superior
52%
Michigan-Lake Huron
51%
North Dakota-Saskatchewan
51%
Alaska-Pacific Ocean
50%
North Dakota-Manitoba
50%
Hawaii-Pacific Ocean
49%
Minnesota-Manitoba
49%
Delaware-New Jersey
48%
Arizona-Baja California
46%
Maine-New Brunswick
43%
Texas-Chihuahua
43%
Alaska-Yukon
42%
Alaska-Arctic Ocean
41%
New Mexico-Chihuahua
41%
Alaska-British Columbia
37%
Arizona-Sonora
36%
New Mexico-Sonora
35%
Texas-Coahuila
31%
Texas-Nuevo Leon
30%
Texas-Tamaulipas
30%

Score Distribution

Percentile by Number Answered

Percent of People with Each Score

Your Score History

You have not taken this quiz since the last reset